Doughboy minstrels, (Record no. 18250)

MARC details
000 -LEADER
fixed length control field 00599cam a22002171 4500
001 - CONTROL NUMBER
control field ca 36001331
003 - CONTROL NUMBER IDENTIFIER
control field DLC
005 - DATE AND TIME OF LATEST TRANSACTION
control field 20260227111143.0
008 - FIXED-LENGTH DATA ELEMENTS--GENERAL INFORMATION
fixed length control field 800714s1930 ilu 000 0 eng
010 ## - LIBRARY OF CONGRESS CONTROL NUMBER
LC control number ca 36001331
035 ## - SYSTEM CONTROL NUMBER
System control number (OCoLC)6513668
040 ## - CATALOGING SOURCE
Original cataloging agency DLC
Transcribing agency RPB
Modifying agency RPB
-- DLC
042 ## - AUTHENTICATION CODE
Authentication code premarc
050 00 - LIBRARY OF CONGRESS CALL NUMBER
Classification number PN4305.N6
Item number C6
082 ## - DEWEY DECIMAL CLASSIFICATION NUMBER
Classification number 791.1
100 1# - MAIN ENTRY--PERSONAL NAME
Personal name Connor, John Hal,
Dates associated with a name 1896-
245 10 - TITLE STATEMENT
Title Doughboy minstrels,
Remainder of title a first part,
Statement of responsibility, etc. by J. Hal Conners [!]
260 ## - PUBLICATION, DISTRIBUTION, ETC.
Place of publication, distribution, etc. Chicago,
Name of publisher, distributor, etc. The Dramatic Publishing Company
Date of publication, distribution, etc. [c1930]
300 ## - PHYSICAL DESCRIPTION
Extent 19 p.
Dimensions 19 cm.
490 0# - SERIES STATEMENT
Series statement Sergel's acting drama

No items available.

Powered by Koha